|
|
|
|
| LEADER |
00000nam a22000007a 4500 |
| 005 |
20191114214531.0 |
| 007 |
cr|||| |||| |
| 008 |
191114s2019 es |||||s|||| 00||0 spa d |
| 020 |
|
|
|a 978-84-1324-366-5
|
| 035 |
|
|
|a 30628
|
| 040 |
|
|
|a vLex
|
| 090 |
|
|
|c 10012
|d 10012
|
| 100 |
1 |
|
|a Espinar Vicente, Jos ̌Mara̕
|
| 245 |
1 |
2 |
|a El rǧimen jurd̕ico de las obligaciones en derecho internacional privado espaǫl y de la Unin̤ Europea
|h [Recurso electrn̤ico] /
|c Jos ̌Mara̕ Espinar Vicente, Jos ̌Ignacio Paredes Přez
|
| 256 |
|
|
|a Servicio en ln̕ea
|
| 260 |
|
|
|a Madrid:
|b Dykinson,
|c 2019
|
| 300 |
|
|
|a 1 recurso electrn̤ico
|
| 500 |
|
|
|a La amplitud de materias que integran el Derecho internacional privado actual y el creciente volumen de este trf̀ico en nuestro pas̕ han animado a los autores a proporcionar una monografa̕ extensa sobre el rǧimen jurd̕ico de los supuestos contractuales, cuasicontractuales y los atinentes a la responsabilidad civil que se suscitan en r̀eas transfronterizas o transnacionales. El esquema seguido en su elaboracin̤ ha sido partir de unas breves consideraciones doctrinales, para continuar analizando el rǧimen de competencia judicial internacional de nuestros juzgados y tribunales y finalizar estableciendo cul̀ es el Derecho que ha de aplicarse en cada caso. Los autores han situado su sede de reflexin̤ en foro espaǫl y han tratado de articular coherentemente las tres fuentes normativas que nutren la regulacin̤ de estos supuestos: los instrumentos jurd̕icos emanados de la Unin̤ europea, la llamada nueva lex mercatoria y el Derecho internacional privado autn̤omo y convencional. El objetivo de la presente monografa̕ es ofrecer un trabajo que sirva tanto para la formacin̤ de quienes se inician en el estudio de esta materia, como para quienes quieren profundizar en ľ, as ̕como para todos aquellos que deben enfrentarse profesionalmente con estas cuestiones desde sus despachos, notara̕s, registros, juzgados o consulados. Los responsables de estos textos han querido plasmar en estas pg̀inas el fruto de su experiencia investigadora y prc̀tica, ya reflejada en otras publicaciones sobre esta materia a lo largo de la l︢tima dčada.
|
| 506 |
1 |
|
|a Disponible solo en los productos indicados
|d vLex Global
|d vLex Global (Academic Edition, excluding Law Schools)
|d vLex Global (U.S. Academic Edition, Law Schools)
|d vLex Global (U.S. Academic Edition, excluding Law Schools)
|d vLex Global (Academic Edition, Law Schools)
|
| 650 |
0 |
4 |
|a Derecho Internacional
|z Espaą
|
| 700 |
1 |
|
|a Paredes Přez, Jos ̌Ignacio
|
| 740 |
0 |
|
|a vLex Libros (Servicio en ln̕ea)
|
| 856 |
4 |
0 |
|u http://vlex.com/source/regimen-juridico-de-las-obligaciones-en-derecho-internacional-privado-espa-ol-y-de-la-union-europea-30628
|z Acceso restringido
|
| 942 |
|
|
|c BOOK
|
| 999 |
0 |
|
|a International right
|